| 000 | 00774nam a22002537a 4500 | ||
|---|---|---|---|
| 001 | BINCO | ||
| 003 | CO-MdBIC | ||
| 005 | 20220421175401.0 | ||
| 008 | 220421b1993 spaa|||| |||| 00| 0 spa d | ||
| 020 | _a8424619323 | ||
| 040 |
_a CO-MdBIC _bspa. _cCO-MdBIC _d CO-MdBIC |
||
| 041 | _aspa | ||
| 082 |
_222 _a398.2 _bB673 |
||
| 100 |
_aBofill, Francesc _d1947 _tCántico del sol |
||
| 245 |
_a Los guisantes maravillosos _c/Bofill, Francesc, escritor _f1947 |
||
| 260 | 1 |
_aBarcelona, España: _bLa galera, _c[1993] |
|
| 260 | 4 | _a© 1993 | |
| 300 |
_a22 paginas; _bilustraciones a color: _c22 cm. |
||
| 490 | _aClaret Serrahima | ||
| 650 | 7 |
_9100 _aEducación infantil |
|
| 700 |
_aBallester, Arnal, _d1955 _eilustrador |
||
| 700 |
_aJoan Bofill _etraductor |
||
| 942 | _cLGB | ||
| 999 |
_c67761 _d67761 |
||